Microsoft MCSE Training kit : (Record no. 62407)

MARC details
000 -LEADER
fixed length control field 00428nam a22001337a 4500
005 - DATE AND TIME OF LATEST TRANSACTION
control field 20180827145311.0
020 ## - INTERNATIONAL STANDARD BOOK NUMBER
International Standard Book Number 8120317548
Terms of availability 795.00
035 ## - SYSTEM CONTROL NUMBER
System control number B-62757, B-062759
037 ## - SOURCE OF ACQUISITION
Stock number DPL
Source of stock number/acquisition ENG
245 ## - TITLE STATEMENT
Title Microsoft MCSE Training kit :
Remainder of title Microsoft windows 2000 active directory services /
260 ## - PUBLICATION, DISTRIBUTION, ETC. (IMPRINT)
Place of publication, distribution, etc New Delhi
Name of publisher, distributor, etc Prentice-Hall of India
Date of publication, distribution, etc 2001
300 ## - PHYSICAL DESCRIPTION
Extent xlvii, 691p.
Dimensions 20 cms.
942 ## - ADDED ENTRY ELEMENTS (KOHA)
Source of classification or shelving scheme Dewey Decimal Classification
Item type English Books
Classification part 005.43
Call number suffix MCS
Holdings
Withdrawn status Lost status Not for loan Collection code Home library Current library Date acquired Cost, normal purchase price Full call number Barcode Cost, replacement price Koha item type Source of acquisition
      Non-fiction Sarojini Nagar Sarojini Nagar 09/02/2012 795.00 005.43 MCS B-62757 795.00 English Books  
      Non-fiction Shahdara Branch Shahdara Branch 27/08/2018 795.00 005.43 MCS B-062759 759.00 English Books BPPD/PUB

© Delhi Public Library
Hit Counter
free hit counter